Cơ sở vật lí = Fundamentals of phyics
Cơ sở vật lí tập hai phần cơ học II giới thiệu về sự quay, sự lăn, mômen quay và mô men xung lượng, cân bằng và đàn hồi, dao động, sự hấp dẫn, chất lưu...
محفوظ في:
| المؤلف الرئيسي: | |
|---|---|
| التنسيق: | كتاب |
| اللغة: | Undetermined |
| منشور في: |
Hà Nội
Giáo Dục
2009
|
| الموضوعات: | |
| الوسوم: |
إضافة وسم
لا توجد وسوم, كن أول من يضع وسما على هذه التسجيلة!
|
| Thư viện lưu trữ: | Trung tâm Học liệu Trường Đại học Cần Thơ |
|---|
| LEADER | 00992nam a2200241Ia 4500 | ||
|---|---|---|---|
| 001 | CTU_156748 | ||
| 008 | 210402s9999 xx 000 0 und d | ||
| 020 | |c 56000 | ||
| 082 | |a 530 | ||
| 082 | |b H188/T.2 | ||
| 100 | |a Halliday, David | ||
| 245 | 0 | |a Cơ sở vật lí = | |
| 245 | 0 | |b Fundamentals of phyics | |
| 245 | 0 | |c David Halliday, Jearl Walker, Robert Resnick ; Chủ biên: Ngô Quốc Quýnh, Hoàng Hữu Thư ; Người dịch: Phan Văn Thích | |
| 260 | |a Hà Nội | ||
| 260 | |b Giáo Dục | ||
| 260 | |c 2009 | ||
| 520 | |a Cơ sở vật lí tập hai phần cơ học II giới thiệu về sự quay, sự lăn, mômen quay và mô men xung lượng, cân bằng và đàn hồi, dao động, sự hấp dẫn, chất lưu... | ||
| 526 | |a Cơ học đại cương 1 | ||
| 526 | |b SP133 | ||
| 650 | |a Physics | ||
| 904 | |i T.Trang | ||
| 980 | |a Trung tâm Học liệu Trường Đại học Cần Thơ | ||